Meilleur Nation de Foot Européenne - Statistiques

Statistiques générales
  • Ce quiz a été pris 288 fois
  • Le résultat moyen est 13 sur 15
Statistiques - réponses
Rangs Pays % Correct
#1 France
100%
#2 Angleterre
98%
#6 Espagne
98%
#5 Portugal
98%
#7 Italie
97%
#9 Allemagne
95%
#3 Belgique
94%
#4 Pays bas
93%
#14 Suede
91%
#8 Croatie
87%
#10 Suisse
87%
#11 Danemark
82%
#13 Autriche
76%
#12 Ukraine
66%
#15 Hongrie
64%
Aucun quiz correspondant
Distribution des résultats
% des personnes avec chaque résultat
Percentile par nombre de réponses
Votre historique - résultats
Vous n’avez pas pris ce quiz